Guia de pronunciacion española, escrita a solicitud de la comision permanente de la asociacion de /
Guardado en:
| Autor Principal: | |
|---|---|
| Formato: | Libro |
| Publicado: |
Mexico :
Jus,
1956
|
| Materias: | |
| Etiquetas: |
Agregar Etiqueta
Sin Etiquetas, Sea el primero en etiquetar este registro!
|
| LEADER | 00528nam a22001575a 4500 | ||
|---|---|---|---|
| 001 | EHU.bham005352 | ||
| 003 | AR-BHAM | ||
| 005 | 20081016111042.0 | ||
| 008 | 130507s1956##################000#0#####d | ||
| 082 | 4 | 6 | |a 461.5 |
| 100 | 1 | |a Navarro Tomas, Tomas | |
| 245 | 1 | 0 | |a Guia de pronunciacion española, escrita a solicitud de la comision permanente de la asociacion de / |c Tomas Navarro Tomas. |
| 260 | |a Mexico : |b Jus, |c 1956 | ||
| 300 | |a 23 p. | ||
| 653 | |a Castellano-fonetica | ||
| 859 | |a AR-BHAM |b BIB. HUMANIDADES - General |h 461.5 |i N228-1 |p 74.69 |t Ej.1 | ||
